Základné aspekty organizácie a riadenia hospodársko-prevádzkových činností na vysokej škole čiastková úloha RŠ 20/4
Guardado en:
| Formato: | Libro |
|---|---|
| Lenguaje: | eslovaco |
| Publicado: |
Bratislava
Vysoká škola ekonomická
1978
|
| Etiquetas: |
Sin Etiquetas, Sea el primero en etiquetar este registro!
|
MARC
| LEADER | 00000nam a2200000 4500 | ||
|---|---|---|---|
| 001 | c140958 | ||
| 005 | 20250703093001.6 | ||
| 041 | 0 | |a slo | |
| 044 | |a SK | ||
| 245 | 1 | 0 | |a Základné aspekty organizácie a riadenia hospodársko-prevádzkových činností na vysokej škole |b čiastková úloha RŠ 20/4 |
| 264 | 1 | |a Bratislava |b Vysoká škola ekonomická |c 1978 | |
| 300 | |a 156 s. | ||